| 000 | 00367nam a2200109Ia 4500 | ||
|---|---|---|---|
| 008 | 171204s9999 xx 000 0 und d | ||
| 245 | 4 | _aThe Paradigm of Forests and the Survival of the Fittest: | |
| 245 | _cCarlos Rojas Alvarado and Sergio A. Molina-Muril | ||
| 260 | _c2016 | ||
| 650 | _xEnvironmental Science | ||
| 856 | _uhttp://down.ebook777.com/044/1498751059.pdf | ||
| 999 |
_c345495 _d345495 |
||